00242nam a2200097Ia 4500008004100000082001600041100002000057245003300077260001900110600001500129241002s9999 xx 000 0 und d a891.439 SAD aSadiq, Muhammad 2aA History of Urdu Literature aKarachi:c1964 aLiterature